| 000 | 01268cam a2200301 i 4500 | ||
|---|---|---|---|
| 001 | 18350389 | ||
| 003 | ARRUPE | ||
| 005 | 20151112114823.0 | ||
| 008 | 141028s2015 enk b 001 0 eng | ||
| 010 | _a 2014023867 | ||
| 020 | _a9780190224806 (cloth : alk. paper) | ||
| 040 |
_aDLC _beng _cDLC _erda _dDLC |
||
| 042 | _apcc | ||
| 050 | 0 | 0 |
_aB765.T53 _bD435 2015 |
| 082 | 0 | 0 |
_a212/.1 _223 |
| 100 | 1 |
_aKerr, Gaven. _921075 |
|
| 245 | 1 | 0 |
_aAquinas's way to God : _bthe proof in De ente et essentia / _cGaven Kerr, OP. |
| 300 |
_axxi, 205 pages ; _c22 cm |
||
| 504 | _aIncludes bibliographical references and index. | ||
| 505 | 0 | _aEssence/esse distinction and composition -- The argumentation for real distinction in De ente, cap. 4 -- Essence -- Esse -- The proof of God -- The causal principle -- The Per aliud principle and infinite regress -- Esse tantum -- Creation. | |
| 600 | 0 | 0 |
_aThomas, _cAquinas, Saint, _d1225?-1274. _tDe ente et essentia. _921076 |
| 650 | 0 |
_aOntology. _921077 |
|
| 650 | 0 |
_aSubstance (Philosophy) _911323 |
|
| 650 | 0 |
_aGod _xProof. _9148 |
|
| 906 |
_a7 _bcbc _corignew _d1 _eecip _f20 _gy-gencatlg |
||
| 942 |
_2lcc _cMONOGRAPH |
||
| 999 |
_c123782 _d123782 |
||